[Event "Manizales op 27th"]
[Site "Manizales"]
[Date "2022.01.09"]
[Round "7"]
[White "Bedoya, Albeiro"]
[Black "Torres, Saulo de Jesus"]
[Result "1-0"]
[WhiteElo "1725"]
[BlackElo "1700"]
[PlyCount "47"]
[EventDate "2022.01.06"]
[EventType "swiss"]
[EventRounds "8"]
[EventCountry "COL"]
[SourceTitle "CBM 206 Extra"]
[Source "ChessBase"]
[SourceDate "2022.03.31"]
[SourceVersion "1"]
[SourceVersionDate "2022.03.31"]
[SourceQuality "1"]

1. d4 Nf6 2. c4 e6 3. Nc3 Bb4 4. Nf3 c5 5. e3 cxd4 6. exd4 0-0 7. Bd3 d5 8. 0-0 dxc4 9. Bxc4 Nbd7 10. a3 Be7 11. Bf4 Nb6 12. Bb3 Nbd5 13. Bg3 b6 14. Re1 Bb7 15. Rc1 Rc8 16. h3 a6 17. Nxd5 Bxd5 18. Bxd5 Nxd5 19. Qd3 b5 20. Ne5 Bg5 21. Rc5 Qe7 22. b4 Qb7 23. Re2 Be7 24. Rcc2 1-0

[Event "Manizales op 27th"]
[Site "Manizales"]
[Date "2022.01.08"]
[Round "4"]
[White "Munoz Guzman, German"]
[Black "Bedoya, Albeiro"]
[Result "0-1"]
[WhiteElo "1634"]
[BlackElo "1725"]
[PlyCount "39"]
[EventDate "2022.01.06"]
[EventType "swiss"]
[EventRounds "8"]
[EventCountry "COL"]
[SourceTitle "CBM 206 Extra"]
[Source "ChessBase"]
[SourceDate "2022.03.31"]
[SourceVersion "1"]
[SourceVersionDate "2022.03.31"]
[SourceQuality "1"]

1. e4 c5 2. Nf3 e6 3. Be2 d5 4. e5 Nc6 5. d4 cxd4 6. 0-0 f6 7. Bb5 Qb6 8. Bxc6+ bxc6 9. Nxd4 fxe5 10. Qh5+ Ke7 11. Qxe5 Nf6 12. Re1 c5 13. Nf3 h6 14. Nc3 Kf7 15. Bf4 Be7 16. b3 Rd8 17. Qe2 Bd6 18. Bxd6 Qxd6 19. Ne5+ Kg8 20. Nb5 0-1

[Event "Manizales op 27th"]
[Site "Manizales"]
[Date "2022.01.07"]
[Round "2"]
[White "Bedoya, Albeiro"]
[Black "Ramirez Arias, Jorge Alonso"]
[Result "1-0"]
[WhiteElo "1725"]
[BlackElo "1890"]
[PlyCount "85"]
[EventDate "2022.01.06"]
[EventType "swiss"]
[EventRounds "8"]
[EventCountry "COL"]
[SourceTitle "CBM 206 Extra"]
[Source "ChessBase"]
[SourceDate "2022.03.31"]
[SourceVersion "1"]
[SourceVersionDate "2022.03.31"]
[SourceQuality "1"]

1. e4 c5 2. Nf3 d6 3. d4 cxd4 4. Nxd4 Nf6 5. Nc3 a6 6. a4 e5 7. Nf3 Be7 8. Bc4 0-0 9. 0-0 Nbd7 10. Re1 Qc7 11. Bb3 Nc5 12. Nd5 Nxd5 13. Bxd5 Bg4 14. h3 Bh5 15. c4 Ne6 16. Qd3 Kh8 17. b4 Bxf3 18. Qxf3 Nd4 19. Qd3 f5 20. Be3 fxe4 21. Bxe4 g6 22. Rad1 Nf5 23. Qd5 Nxe3 24. Rxe3 Rac8 25. Bd3 Bh4 26. g3 Be7 27. b5 a5 28. h4 Qd7 29. Rxe5 Bxh4 30. Re6 Qf7 31. Rf1 Be7 32. Qe4 Rc7 33. Kg2 Kg7 34. f4 Rd7 35. Rh1 Rh8 36. g4 Bf6 37. f5 g5 38. Qd5 h5 39. gxh5 Rxh5 40. Rxf6 Qxd5+ 41. cxd5 Rxh1 42. Rg6+ Kf8 43. Kxh1 1-0